| Tag |
First Indicator |
Second Indicator |
Subfields |
| LEADER |
00000cam a2200000 4500 |
| 001 |
in00000095038 |
| 005 |
20150927110626.0 |
| 008 |
750519s1965 nyua b eng u |
| 010 |
|
|
|a 64022369
|
| 015 |
|
|
|a GB65-14325
|
| 035 |
|
|
|a (OCoLC)01342874
|
| 035 |
|
|
|9 AAL6918AM
|
| 040 |
|
|
|c TOL
|d TXA
|d UtOrBLW
|
| 049 |
|
|
|a TXAM
|c [416493]
|
| 050 |
0 |
0 |
|a TP159.S4
|b B7 1965
|
| 082 |
0 |
0 |
|a 621.86
|
| 100 |
1 |
|
|a Bradley, Douglas.
|
| 245 |
1 |
4 |
|a The hydrocyclone /
|c by D. Bradley.
|
| 250 |
|
|
|a [1st ed.].
|
| 264 |
|
1 |
|a Oxford
|a New York :
|b Pergamon Press,
|c [1965]
|
| 264 |
|
4 |
|c [©1965]
|
| 300 |
|
|
|a xvi, 330 pages :
|b illustrations ;
|c 24 cm.
|
| 336 |
|
|
|a text
|b txt
|2 rdacontent
|
| 337 |
|
|
|a unmediated
|b n
|2 rdamedia
|
| 338 |
|
|
|a volume
|b nc
|2 rdacarrier
|
| 490 |
1 |
|
|a International series of monographs in chemical engineering, v 4
|
| 504 |
|
|
|a Includes bibliographical references (pages 266-298).
|
| 505 |
0 |
|
|a Preface -- Introduction -- Historical development -- Mode of operation -- Tangential velocity -- Areas of application and operational characteristics -- Performance of hydrocyclones -- Design variables -- Operating variables and control of operation -- Categories of cyclone -- Commercial cyclones -- Fields of application in industry -- Equipment of the cyclone type -- Bibliography -- Patent review -- Appendix -- Author index -- Subject index -- Other titles in the series.
|
| 520 |
|
|
|a Providing a comprehensive review of all the aspects of the theory, design, performance, and application of hydrocyclone, this book provides a basis for further research, data for design, and an understanding of the hydrocylcone which will permit a wider applicaiton in industry. Special apsects include reviews of all available velocity distribution data ; of all of the important correlations of perfromance, both theoretical and empirical, of commericial equipment of the cyclone type. A review of British patents is included, and the comprehensive bibliography cites nearly 600 references. In view of the extreme lack of comprehensive review literature on the subject, and the comprehensive nature of this book, it will provide a valuable work of reference for research workers in universities and in industry. Graduate courses in chemical engineering and mining engineering include lectures on this subject and therefore the book constitutes recommended reading for students of such courses.
|
| 650 |
|
0 |
|a Separators (Machines)
|
| 776 |
0 |
8 |
|i Online version:
|a Bradley, Douglas.
|t Hydrocyclone.
|b [1st ed.]
|d Oxford, New York, Pergamon Press [1965]
|w (OCoLC)575757604
|
| 830 |
|
0 |
|a International series of monographs on chemical engineering ;
|v v. 4.
|
| 949 |
|
|
|a updated-AC Qatar
|b h
|c 2012/7/29
|e agreen
|
| 999 |
|
|
|a MARS
|
| 999 |
f |
f |
|s 843830e3-5854-34b8-91b0-3c71bf0cb262
|i c4044b72-4dd8-3eee-a665-93cb7e302aa4
|t 0
|
| 952 |
f |
f |
|p normal
|a Texas A&M University
|b College Station
|c Sterling C. Evans Library
|d Evans: Library Stacks
|t 0
|e TP159.S4 B7 1965
|h Library of Congress classification
|i unmediated -- volume
|m A14805601044
|
| 998 |
f |
f |
|a TP159.S4 B7 1965
|t 0
|l Evans: Library Stacks
|